banner koha

Estimativa de propriedades biofisicas de plantacoes de eucaliptos a partir de dados Landsat-TM (Registro n. 60286)

MARC details
000 -LÍDER
campo de controle de tamanho fixo 00901nam a22002777a 4500
001 - NÚMERO DE CONTROLE
campo de controle BR9804785
003 - IDENTIFICADOR DO NÚMERO DE CONTROLE
campo de controle BR-BrBNA
005 - DATA E HORÁRIO DA ÚLTIMA TRANSAÇÃO
campo de controle 20230928100106.0
007 - CAMPO FIXO DE DESCRIÇÃO FÍSICA--INFORMAÇÃO GERAL
campo de controle de tamanho fixo ta
008 - CAMPO DE DADOS FIXOS--INFORMAÇÃO GERAL
campo de controle de tamanho fixo 230509b bl.||||| |||| 00| 0 por d
040 ## - FONTE DA CATALOGAÇÃO
Instituição da catalogação original BR-BrBNA
Idioma da catalogação por
Instituição que transcreveu o registro Biblioteca Nacional de Agricultura
041 ## - CÓDIGO DE IDIOMA
Código do idioma do texto/trilha sonora ou título diferente (Por)
072 ## - CÓDIGO DE CATEGORIA DE ASSUNTO
Código de Categoria de Assunto U40
Código do objeto 3240
090 ## - NÚMERO DE CHAMADA LOCAL
-- 3240 BR9804785
100 1# - ENTRADA PRINCIPAL--NOME PESSOAL
Nome pessoal Xavier, A.C.
110 1# - ENTRADA PRINCIPAL--NOME CORPORATIVO
Nome corporativo ou nome da jurisdição Instituto Nacional de Pesquisas Espaciais, Sao Jose dos Campos, SP (Brasil)
245 1# - TÍTULO
Título Estimativa de propriedades biofisicas de plantacoes de eucaliptos a partir de dados Landsat-TM
260 3# - PUBLICAÇÃO, DISTRIBUIÇÃO, ETC.
Local de publicação, distribuição, etc. Sao Jose dos Campos, SP (Brasil):
Data da publicação, distribuição, etc. 1998.
300 ## - DESCRIÇÃO FÍSICA
Extensão 98 p.
500 ## - NOTA GERAL
Nota geral Summaries (Eng, Por); Bibliography p. 66-73; 20 illus.; 36 tables
650 ## - ASSUNTO--TERMO TÓPICO
Cabeçalho tópico ou nome geográfico Eucalipto
650 ## - ASSUNTO--TERMO TÓPICO
Cabeçalho tópico ou nome geográfico Propriedade Fisico-Quimica
650 ## - ASSUNTO--TERMO TÓPICO
Cabeçalho tópico ou nome geográfico Sensoriamento Remoto
909 ## -
-- 202309
-- Lucia
-- 55
-- Lucia Elande
942 ## - ELEMENTOS DE ENTRADA ADICIONADOS (KOHA)
Tipo de material Koha Livros
Exemplares
Situação do descarte Fonte da classificação ou esquema de arquivamento na estante Situação física Não pode ser emprestado Coleção Biblioteca de origem Biblioteca atual Total de empréstimos Número de telefone completo Código de barras Data de último acesso Número do exemplar Tipo de material Koha Situação das perdas Data de aquisição Fonte de aquisição
  Classificação AGRIS       Biblioteca Nacional de Agricultura - Binagri Biblioteca Nacional de Agricultura - Binagri   3240 BR9804785 3240 BR9804785 25/09/2023 01 Livros   2023-09-25 Portaria Interministerial nº 164/94

BINAGRI

Telefone: (61)3218-2567/2388/3357/2097 - binagri@agro.gov.br

Ministério da Agricultura e Pecuária , Esplanada dos Ministérios, Bloco D, Anexo B, Brasília/DF, CEP: 70.043-900